Melville J. Herskovits : (Record no. 4589)
[ view plain ]
| 000 -LEADER | |
|---|---|
| fixed length control field | 01926cam a22004094a 4500 |
| 001 - CONTROL NUMBER | |
| control field | 13281734 |
| 005 - DATE AND TIME OF LATEST TRANSACTION | |
| control field | 20170926114821.0 |
| 008 - FIXED-LENGTH DATA ELEMENTS--GENERAL INFORMATION | |
| fixed length control field | 030721s2004 nbua b s001 0beng |
| 010 ## - LIBRARY OF CONGRESS CONTROL NUMBER | |
| LC control number | 2003016335 |
| 020 ## - INTERNATIONAL STANDARD BOOK NUMBER | |
| International Standard Book Number | 0803221878 (alk. paper) |
| 040 ## - CATALOGING SOURCE | |
| Original cataloging agency | DLC |
| Transcribing agency | DLC |
| Modifying agency | DLC |
| 042 ## - AUTHENTICATION CODE | |
| Authentication code | pcc |
| 043 ## - GEOGRAPHIC AREA CODE | |
| Geographic area code | n-us--- |
| -- | fw----- |
| 050 00 - LIBRARY OF CONGRESS CALL NUMBER | |
| Classification number | GN21.H47 |
| Item number | G47 2004 |
| 082 00 - DEWEY DECIMAL CLASSIFICATION NUMBER | |
| Classification number | 301/.092 |
| -- | B |
| Edition number | 22 |
| 100 1# - MAIN ENTRY--PERSONAL NAME | |
| Personal name | Gershenhorn, Jerry. |
| 9 (RLIN) | 36209 |
| 245 10 - TITLE STATEMENT | |
| Title | Melville J. Herskovits : |
| Remainder of title | and the racial politics of knowledge / |
| Statement of responsibility, etc | Jerry Gershenhorn. |
| 246 30 - VARYING FORM OF TITLE | |
| Title proper/short title | Melville J. Herskovits and the racial politics of knowledge |
| 260 ## - PUBLICATION, DISTRIBUTION, ETC. (IMPRINT) | |
| Place of publication, distribution, etc | Lincoln : |
| Name of publisher, distributor, etc | University of Nebraska Press, |
| Date of publication, distribution, etc | c2004. |
| 300 ## - PHYSICAL DESCRIPTION | |
| Extent | xvii, 338 p. : |
| Other physical details | ill. ; |
| Dimensions | 24 cm. |
| 440 #0 - SERIES STATEMENT/ADDED ENTRY--TITLE | |
| Title | Critical studies in the history of anthropology |
| 9 (RLIN) | 36210 |
| 504 ## - BIBLIOGRAPHY, ETC. NOTE | |
| Bibliography, etc | Includes bibliographical references (p. 305-327) and index. |
| 600 10 - SUBJECT ADDED ENTRY--PERSONAL NAME | |
| Personal name | Herskovits, Melville J. |
| Fuller form of name | (Melville Jean), |
| Dates associated with a name | 1895-1963. |
| 9 (RLIN) | 25832 |
| 650 #0 - SUBJECT ADDED ENTRY--TOPICAL TERM | |
| Topical term or geographic name as entry element | Anthropologists |
| Geographic subdivision | United States |
| Form subdivision | Biography. |
| 9 (RLIN) | 36211 |
| 650 #0 - SUBJECT ADDED ENTRY--TOPICAL TERM | |
| Topical term or geographic name as entry element | Anthropologists |
| Geographic subdivision | Africa, West |
| Form subdivision | Biography. |
| 9 (RLIN) | 36212 |
| 650 #0 - SUBJECT ADDED ENTRY--TOPICAL TERM | |
| Topical term or geographic name as entry element | African Americans |
| General subdivision | Anthropometry. |
| 9 (RLIN) | 36213 |
| 650 #0 - SUBJECT ADDED ENTRY--TOPICAL TERM | |
| Topical term or geographic name as entry element | African Americans |
| General subdivision | Social life and customs. |
| 9 (RLIN) | 36214 |
| 650 #0 - SUBJECT ADDED ENTRY--TOPICAL TERM | |
| Topical term or geographic name as entry element | Racism in anthropology |
| Geographic subdivision | United States. |
| 9 (RLIN) | 36215 |
| 650 #0 - SUBJECT ADDED ENTRY--TOPICAL TERM | |
| Topical term or geographic name as entry element | Cultural relativism |
| Geographic subdivision | Africa, West. |
| 9 (RLIN) | 36216 |
| 650 #0 - SUBJECT ADDED ENTRY--TOPICAL TERM | |
| Topical term or geographic name as entry element | African diaspora. |
| 9 (RLIN) | 4670 |
| 650 #0 - SUBJECT ADDED ENTRY--TOPICAL TERM | |
| Topical term or geographic name as entry element | Self-determination, National |
| Geographic subdivision | Africa, West. |
| 9 (RLIN) | 36217 |
| 651 #0 - SUBJECT ADDED ENTRY--GEOGRAPHIC NAME | |
| Geographic name | Africa, West |
| General subdivision | Social life and customs. |
| 9 (RLIN) | 36218 |
| 856 42 - ELECTRONIC LOCATION AND ACCESS | |
| Materials specified | Contributor biographical information |
| Uniform Resource Identifier | <a href="http://www.loc.gov/catdir/enhancements/fy0708/2003016335-b.html">http://www.loc.gov/catdir/enhancements/fy0708/2003016335-b.html</a> |
| 856 42 - ELECTRONIC LOCATION AND ACCESS | |
| Materials specified | Publisher description |
| Uniform Resource Identifier | <a href="http://www.loc.gov/catdir/enhancements/fy0708/2003016335-d.html">http://www.loc.gov/catdir/enhancements/fy0708/2003016335-d.html</a> |
| 906 ## - LOCAL DATA ELEMENT F, LDF (RLIN) | |
| a | 7 |
| b | cbc |
| c | orignew |
| d | 1 |
| e | ecip |
| f | 20 |
| g | y-gencatlg |
| 942 ## - ADDED ENTRY ELEMENTS (KOHA) | |
| Source of classification or shelving scheme | Library of Congress Classification |
| Item type | Monograph ( Printed materials) |
| Withdrawn status | Lost status | Source of classification or shelving scheme | Damaged status | Not for loan | Collection code | Home library | Current library | Shelving location | Date acquired | Total Checkouts | Full call number | Barcode | Date last seen | Date last borrowed | Copy number | Price effective from | Koha item type |
|---|---|---|---|---|---|---|---|---|---|---|---|---|---|---|---|---|---|
| Library of Congress Classification | Main Collection | ARRUPE LIBRARY | ARRUPE LIBRARY | 27/02/2013 | 1 | GN21.H47G47 2004 | 46405924 | 17/10/2019 | 15/08/2019 | 1 | 27/02/2013 | Monograph ( Printed materials) |